00978nam a22002417a 450000500170000001000130001702000100003003500130004003700160005304000120006908200180008110000240009924501850012326000380030827000590034630000260040550000400043165000250047165000300049694200270052699900190055395201640057220170124110037.0 aA-465386 c00.00 aA-465386 bCen Lib/Ret aDPLbEN a364.1323bDES aDesai, A.R. 912100 aExpanding govermental lawlessness and organized struggles /cby A.R. Desai bviolation of democratic rights of the minorities, women, slum dwellers, press and some other violations bPopular Prakashan aBombay c1991 a35C, Pandit Madan Mohan Malviya MarghbBombay e400034 axxv, 328p.0c23cm(Hb) aIncludes bibliographical references aConstitution 989491 aDemocratic rights 917210 2ddccENh364.1323mDES c128306d128306 04104070aLbLd2015-07-02eCen Lib/Retg0.00l0o364.1323 DESpA-465386r2015-07-02 00:00:00t1v0.00w2015-07-02yENzW/d List No. 6871/ 11; dtd 13/08/2020